000 00380nam a2200181Ia 4500
001 477
005 20260306140520.0
008 260306t2003||||xx |||||||||||||| ||spa||
041 _aESP
082 _a121
_bLL726
100 _aLlano, Alejandro
_eAUT
245 0 _aGnoseologĂ­a
260 _c2003
300 _a
_c
650 _aGEN
654 _aCHU
942 _cLIB
_dJUS
_fJUS
_2ddc
_n
999 _c477
_d477